FNCS 2026 LAN Possible Backup - Statistics

General Stats
  • This quiz has been taken 2 times
  • The average score is 15 of 29
Answer Stats
Hint Answer % Correct
Top 25 EU Grands ๐Ÿ‡ต๐Ÿ‡ฑ Dinus
100%
Top German ๐Ÿ‡ฉ๐Ÿ‡ช Fastroki
100%
Top 25 EU Grands ๐Ÿ‡ต๐Ÿ‡ฑ Franek
100%
Top 23 EU Grands ๐Ÿ‡ฉ๐Ÿ‡ช Glubschi
100%
Top German ๐Ÿ‡ฉ๐Ÿ‡ช Hijoe
100%
Top 22 EU Grands ๐Ÿ‡ฌ๐Ÿ‡ง Joshbot
100%
Top German ๐Ÿ‡ฉ๐Ÿ‡ช Kiduoo
100%
Top 23 EU Grands ๐Ÿ‡ฉ๐Ÿ‡ช Prax
100%
EU Veteran ๐Ÿ‡ท๐Ÿ‡ธ Queasy
100%
EU Veteran ๐Ÿ‡ต๐Ÿ‡ฑ Setty
100%
EU Veteran ๐Ÿ‡ธ๐Ÿ‡ฎ Tayson
100%
NA Veteran ๐Ÿ‡บ๐Ÿ‡ธ Bugha
50%
EU Veteran ๐Ÿ‡ฉ๐Ÿ‡ฐ Fredoxie
50%
Top German ๐Ÿ‡ฉ๐Ÿ‡ช Kyto
50%
EU Veteran ๐Ÿ‡ฌ๐Ÿ‡ง Mongraal
50%
Top 22 EU Grands ๐Ÿ‡ฌ๐Ÿ‡ง Nero
50%
EU Veteran ๐Ÿ‡ฌ๐Ÿ‡ง Pinq
50%
NA Veteran ๐Ÿ‡บ๐Ÿ‡ธ Threats
50%
Top (German) ๐Ÿ‡ฆ๐Ÿ‡น Asa
0%
Top 24 EU Grands ๐Ÿ‡ท๐Ÿ‡บ Azat
0%
NA Veteran ๐Ÿ‡บ๐Ÿ‡ธ Bucke
0%
Top German ๐Ÿ‡ฉ๐Ÿ‡ช Faded
0%
Top 24 EU Grands ๐Ÿ‡ท๐Ÿ‡บ Ifrozi
0%
Top German ๐Ÿ‡ฉ๐Ÿ‡ช Kaan
0%
NA Veteran ๐Ÿ‡บ๐Ÿ‡ธ Oliver OG
0%
Top German ๐Ÿ‡ฉ๐Ÿ‡ช Robin
0%
Top 14 NA Grands ๐Ÿ‡จ๐Ÿ‡ฆ Seek
0%
Top 14 NA Grands ๐Ÿ‡บ๐Ÿ‡ธ Taki
0%
Top German ๐Ÿ‡ฉ๐Ÿ‡ช Trexer
0%
No matching quizzes found
Score Distribution
Percent of People with Each Score
Percentile by Number Answered
Your Score History
You have not taken this quiz